[Event "Hamburg - Solingen"]
[Site "BL 0203"]
[Date "2003.01.11"]
[Round "8.4"]
[White "Gustafsson, Jan"]
[Black "Emms, John"]
[Result "1/2-1/2"]
[WhiteElo "2554"]
[BlackElo "2520"]
[PlyCount "76"]
[EventDate "2003.01.11"]

1. d4 Nf6 2. c4 e6 3. Nc3 Bb4 4. Qc2 O-O 5. a3 Bxc3+ 6. Qxc3 b6 7. Bg5 Bb7 8.
f3 h6 9. Bh4 d5 10. e3 Nbd7 11. cxd5 Nxd5 12. Bxd8 Nxc3 13. Bh4 Nd5 14. Bf2 c5
15. e4 Nf4 16. Bb5 Rad8 17. Ne2 Nxg2+ 18. Kf1 f5 19. d5 fxe4 20. dxe6 Rxf3 21.
Kxg2 e3 22. Bg3 Nf6 23. Rhd1 Rd2 24. Kg1 a6 25. Bc4 b5 26. Be1 Rxd1 27. Rxd1
bxc4 28. Rd8+ Kh7 29. e7 Bc6 30. Rd6 Be8 31. Rxa6 Kg6 32. Kg2 Rf5 33. Re6 Kf7
34. Rxe3 Nd5 35. Rf3 Rxf3 36. Kxf3 Kxe7 37. Nc3 Bc6 38. Nxd5+ Bxd5+ 1/2-1/2

[Event "Hamburg - Solingen"]
[Site "BL 0203"]
[Date "2003.01.11"]
[Round "8.5"]
[White "Naumann, Alexander"]
[Black "Berg, Emanuel"]
[Result "1-0"]
[WhiteElo "2513"]
[BlackElo "2535"]
[PlyCount "121"]
[EventDate "2003.01.11"]

1. d4 e6 2. Nf3 Nf6 3. e3 b6 4. Bd3 Bb7 5. O-O Be7 6. Nbd2 c5 7. b3 Nc6 8. Bb2
O-O 9. a3 Qc7 10. c4 d5 11. dxc5 bxc5 12. cxd5 exd5 13. Rc1 Nd7 14. Bb1 Qd6 15.
e4 d4 16. Nc4 Qe6 17. Nfd2 Nb6 18. f4 Ba6 19. Bd3 Na5 20. e5 Nbxc4 21. bxc4 f5
22. exf6 Qe3+ 23. Kh1 Qxd3 24. fxe7 Rfe8 25. Rf3 Qf5 26. Qa4 Bb7 27. Qxa5 Bxf3
28. Nxf3 Rxe7 29. Nxd4 Qxf4 30. Nf3 Rb8 31. Qc3 Reb7 32. Rc2 Rd8 33. Qe1 Rbd7
34. Qe6+ Kh8 35. Re2 Rd1+ 36. Re1 Rxe1+ 37. Qxe1 Qf7 38. h3 h6 39. Qe3 Rd1+ 40.
Kh2 Qc7+ 41. Be5 Qc6 42. Qf4 Kg8 43. Nd2 Qg6 44. Nf3 Qb1 45. Qg4 Rh1+ 46. Kg3
Qb7 47. Qe6+ Kh7 48. Qf5+ Kg8 49. Bd6 Rc1 50. Qxc5 Qe4 51. Qc8+ Kh7 52. c5 Qd3
53. Qb7 a5 54. Kh2 Rb1 55. Qc6 Ra1 56. a4 Ra2 57. Ne5 Qc2 58. Nd7 Rxa4 59. Nf8+
Kg8 60. Ne6 Kh7 61. Qc7 1-0

[Event "Hamburg - Solingen"]
[Site "BL 0203"]
[Date "2003.01.11"]
[Round "8.6"]
[White "Wahls, Matthias"]
[Black "Werle, Jan"]
[Result "1/2-1/2"]
[WhiteElo "2539"]
[BlackElo "2434"]
[PlyCount "90"]
[EventDate "2003.01.11"]

1. c4 e5 2. Nc3 Nf6 3. Nf3 Nc6 4. a3 d5 5. cxd5 Nxd5 6. Qc2 Nxc3 7. bxc3 Bd6 8.
g3 O-O 9. Bg2 Qe7 10. d3 Bd7 11. O-O b6 12. Nd2 f5 13. Nc4 Rae8 14. a4 f4 15.
a5 Bc5 16. axb6 axb6 17. Nd2 Qf7 18. Ne4 Be7 19. Qa2 Be6 20. Qa4 Na5 21. Qb5
Qf5 22. gxf4 exf4 23. Qxf5 Bxf5 24. Rb1 Bd7 25. c4 Nc6 26. Bb2 Bg4 27. Nd2 Nd8
28. Bd5+ Kh8 29. Nf3 Bf6 30. Rfe1 Bxb2 31. Rxb2 Nf7 32. Ra1 Bxf3 33. Bxf3 Ne5
34. Bd5 f3 35. d4 c6 36. Bxf3 Nxf3+ 37. exf3 c5 38. d5 Rf4 39. Ra4 Rf6 40. Ra6
Re1+ 41. Kg2 Rg6+ 42. Kh3 Rh6+ 43. Kg4 Rg6+ 44. Kh3 Rh6+ 45. Kg4 Rg6+ 1/2-1/2

[Event "Hamburg - Solingen"]
[Site "BL 0203"]
[Date "2003.01.11"]
[Round "8.7"]
[White "Hoffmann, Michael"]
[Black "Bezold, Michael"]
[Result "0-1"]
[WhiteElo "2438"]
[BlackElo "2468"]
[PlyCount "74"]
[EventDate "2003.01.11"]

1. d4 d6 2. Nf3 Bg4 3. e4 Nf6 4. Nc3 e6 5. h3 Bh5 6. Qe2 c6 7. g4 Bg6 8. Bg5
Be7 9. h4 h5 10. Bxf6 gxf6 11. gxh5 Bxh5 12. O-O-O d5 13. a3 Qd6 14. Qe3 Nd7
15. Be2 O-O-O 16. Kb1 a6 17. Rdg1 Bf8 18. e5 Qe7 19. exf6 Qxf6 20. Ng5 Bd6 21.
Bxh5 Rxh5 22. Ne2 Rdh8 23. Nf3 Rf5 24. Rh3 Nf8 25. Rg5 Ng6 26. Rxf5 Qxf5 27.
Rh1 Kd7 28. Ng3 Qg4 29. h5 Bxg3 30. fxg3 Rxh5 31. Rxh5 Qxh5 32. b3 f6 33. a4
Ne7 34. Qf4 Qf5 35. Qe3 Qe4 36. Qf2 Nf5 37. Kb2 Qg4 0-1

[Event "Hamburg - Solingen"]
[Site "BL 0203"]
[Date "2003.01.11"]
[Round "8.8"]
[White "Reeh, Oliver"]
[Black "Schaefer, Markus"]
[Result "1-0"]
[WhiteElo "2423"]
[BlackElo "2385"]
[PlyCount "177"]
[EventDate "2003.01.11"]

1. e4 e6 2. d4 d5 3. Nc3 Nf6 4. Bg5 Be7 5. e5 Nfd7 6. Bxe7 Qxe7 7. f4 O-O 8.
Nf3 c5 9. Qd2 Nc6 10. g3 Nb6 11. Be2 a6 12. O-O Bd7 13. Rad1 Rac8 14. Qe3 cxd4
15. Nxd4 Qb4 16. Rf3 Nc4 17. Nxc6 Bxc6 18. Qd4 Qe7 19. b3 Na3 20. Bd3 Nb5 21.
Bxb5 axb5 22. Rf2 b4 23. Nb1 b5 24. Nd2 Ra8 25. Ra1 Ra6 26. Nf3 Rfa8 27. c3
bxc3 28. Qxc3 b4 29. Qe3 d4 30. Nxd4 g6 31. Rc2 Bd5 32. Nb5 Rc6 33. Rxc6 Bxc6
34. Nd6 f6 35. Rc1 Bd5 36. h4 fxe5 37. fxe5 Rf8 38. Rf1 Rxf1+ 39. Kxf1 Qc7 40.
Qf4 Qd7 41. Qxb4 Qc7 42. Qf4 h5 43. Ne8 Qc2 44. Nf6+ Kg7 45. Ne8+ Kg8 46. Nf6+
Kg7 47. Nxd5 Qd1+ 48. Kf2 Qxd5 49. Qf6+ Kh7 50. Qe7+ Kh6 51. Qg5+ Kh7 52. Qe3
Qd1 53. Qc3 Qh1 54. a4 Qh2+ 55. Ke1 Qa2 56. Kd1 Qf2 57. Kc1 Kg7 58. a5 Kh7 59.
Kb1 Kg7 60. Qc7+ Kh8 61. Qc8+ Kh7 62. Qc7+ Kh8 63. Qc3 Kg7 64. b4 Qe2 65. Qc7+
Kh6 66. Qc2 Qb5 67. Qe4 Kg7 68. Kc2 Kh7 69. Kc3 Kg7 70. Qc4 Qa4 71. Qc7+ Kh6
72. Qd6 Qa3+ 73. Kc4 Qxg3 74. Qf8+ Kh7 75. Qe7+ Kh8 76. Qf6+ Kh7 77. a6 Qa3 78.
Qe7+ Kh6 79. a7 Qf3 80. Kb5 Qd5+ 81. Kb6 Qd4+ 82. Kb7 Qd5+ 83. Kb6 Qd4+ 84. Qc5
Qd8+ 85. Ka6 g5 86. b5 gxh4 87. Qc6 h3 88. a8=Q Qxa8+ 89. Qxa8 1-0

[Event "Luebeck - Wattenscheid"]
[Site "BL 0203"]
[Date "2003.01.11"]
[Round "8.1"]
[White "Macieja, Bartlomiej"]
[Black "Adams Michael"]
[Result "1/2-1/2"]
[WhiteElo "2615"]
[BlackElo "2745"]
[PlyCount "52"]
[EventDate "2003.01.11"]

1. e4 e5 2. Nf3 Nc6 3. Bb5 a6 4. Bxc6 dxc6 5. O-O Bg4 6. h3 h5 7. d3 Qf6 8. Be3
Bxf3 9. Qxf3 Qxf3 10. gxf3 Bd6 11. Kg2 Ne7 12. Rg1 f6 13. Nd2 Kf7 14. h4 Ng6
15. Kh3 Nf8 16. d4 exd4 17. Bxd4 Ne6 18. Be3 Rad8 19. Nc4 Bf4 20. Na5 g5 21.
Rad1 gxh4 22. Bxf4 Nxf4+ 23. Kxh4 Ng6+ 24. Kh3 Nf4+ 25. Kh4 Ng6+ 26. Kh3 Nf4+
1/2-1/2

[Event "Luebeck - Wattenscheid"]
[Site "BL 0203"]
[Date "2003.01.11"]
[Round "8.3"]
[White "Appel, Ralf"]
[Black "Epishin, Vladimir"]
[Result "0-1"]
[WhiteElo "2503"]
[BlackElo "2628"]
[PlyCount "54"]
[EventDate "2003.01.11"]

1. Nf3 Nf6 2. g3 b5 3. c3 e6 4. Bg2 d5 5. Qb3 Bd7 6. Ne5 Na6 7. d4 c5 8. Bg5
Be7 9. O-O Rb8 10. Nd2 O-O 11. a3 h6 12. Be3 Rc8 13. f4 Bd6 14. Kh1 Qc7 15.
Nxd7 Qxd7 16. Nf3 cxd4 17. cxd4 Ne4 18. Ne5 Bxe5 19. fxe5 Rc4 20. Rf4 Nb8 21.
Raf1 Qc6 22. Qd3 Nd7 23. Rh4 f6 24. Bxh6 fxe5 25. Rxf8+ Nxf8 26. Bxe4 dxe4 27.
Qe3 exd4 0-1

[Event "Luebeck - Wattenscheid"]
[Site "BL 0203"]
[Date "2003.01.11"]
[Round "8.5"]
[White "Dinstuhl, Volkmar"]
[Black "Hodgson, Julian"]
[Result "1/2-1/2"]
[WhiteElo "2416"]
[BlackElo "2608"]
[PlyCount "74"]
[EventDate "2003.01.11"]

1. d4 d5 2. c4 c6 3. Nf3 Nf6 4. e3 Bg4 5. h3 Bxf3 6. Qxf3 e6 7. Nc3 Nbd7 8. Bd2
Bb4 9. Bd3 Nb6 10. cxd5 cxd5 11. Qd1 O-O 12. Qb3 Bd6 13. O-O Rc8 14. Rfc1 Bb8
15. Na4 Nxa4 16. Qxa4 a6 17. Rxc8 Qxc8 18. Rc1 Qd8 19. Ba5 Qd6 20. g3 Re8 21.
Bb4 Qd8 22. Ba5 Qe7 23. Bb4 Bd6 24. Bxd6 Qxd6 25. Qc2 Qb6 26. Qc3 g6 27. b4 Rd8
28. a4 Ne8 29. Qc5 Qd6 30. Kg2 Kf8 31. a5 Qe7 32. b5 axb5 33. Qxb5 Nd6 34. Qb6
Nc8 35. Qb3 Nd6 36. Qb6 Nc8 37. Qb3 Nd6 1/2-1/2

[Event "Luebeck - Wattenscheid"]
[Site "BL 0203"]
[Date "2003.01.11"]
[Round "8.7"]
[White "Straeter, Timo"]
[Black "Conquest, Stuart"]
[Result "1-0"]
[WhiteElo "2329"]
[BlackElo "2537"]
[PlyCount "103"]
[EventDate "2003.01.11"]

1. d4 Nf6 2. Nf3 d6 3. c4 Bg4 4. Qb3 Qc8 5. h3 Bxf3 6. Qxf3 Nc6 7. d5 Ne5 8.
Qb3 g6 9. Nc3 Bg7 10. e4 O-O 11. Be2 Ned7 12. Be3 Re8 13. g4 Nb6 14. g5 Nfd7
15. Bg4 c6 16. a4 Qc7 17. a5 Nc8 18. f4 e6 19. dxe6 fxe6 20. h4 Rb8 21. h5 b6
22. hxg6 hxg6 23. a6 Nf8 24. O-O Ne7 25. Rf2 Rbd8 26. c5 Nc8 27. cxb6 Nxb6 28.
f5 d5 29. Bxb6 axb6 30. f6 Qg3+ 31. Kf1 Qxg4 32. f7+ Kh8 33. fxe8=Q Rxe8 34.
Ne2 Nd7 35. a7 Ra8 36. exd5 exd5 37. Nf4 Bd4 38. Qf3 Qf5 39. Rd2 Be5 40. Qh3+
Qxh3+ 41. Nxh3 Kg7 42. Ng1 Bb8 43. Re2 Kf7 44. Kg2 Bd6 45. Rf1+ Kg7 46. Re6 Bf8
47. Ra1 c5 48. Nh3 Kf7 49. Nf4 d4 50. Rc6 Be7 51. Rc7 Ke8 52. Nd5 1-0

[Event "Luebeck - Wattenscheid"]
[Site "BL 0203"]
[Date "2003.01.11"]
[Round "8.8"]
[White "Agdestein, Simen"]
[Black "Thiel, Thomas"]
[Result "1-0"]
[WhiteElo "2578"]
[BlackElo "2309"]
[PlyCount "80"]
[EventDate "2003.01.11"]

1. d4 Nf6 2. c4 g6 3. Nc3 d5 4. Bf4 Bg7 5. e3 c5 6. dxc5 Qa5 7. Rc1 Ne4 8. cxd5
Nxc3 9. Qd2 Qxa2 10. bxc3 Qa5 11. Bc4 Nd7 12. Ne2 Nxc5 13. f3 b5 14. Ba2 O-O
15. e4 Bd7 16. O-O Rfc8 17. Rc2 Na4 18. Rfc1 Nb6 19. d6 exd6 20. Qxd6 Bf8 21.
Qf6 Nc4 22. Bxc4 Rxc4 23. Ra2 Bc5+ 24. Kh1 Qb6 25. Qg5 Qe6 26. Rca1 f6 27. Qg3
Ra4 28. Rxa4 bxa4 29. Bc1 Qb3 30. Qe1 Rc8 31. Nd4 Bxd4 32. cxd4 Rc2 33. Qa5 Qb5
34. Qd8+ Be8 35. Bh6 Kf7 36. Qd6 a3 37. d5 g5 38. Qf8+ Kg6 39. Qg7+ Kh5 40. g4+
Kh4 1-0

[Event "Godesberg - Kreuzberg"]
[Site "BL 0203"]
[Date "2003.01.11"]
[Round "8.1"]
[White "Almasi, Zoltan"]
[Black "Breder, Dennis"]
[Result "1/2-1/2"]
[WhiteElo "2672"]
[BlackElo "2438"]
[PlyCount "118"]
[EventDate "2003.01.11"]

1. d4 Nf6 2. c4 e6 3. Nf3 b6 4. g3 Bb4+ 5. Bd2 Be7 6. Nc3 Bb7 7. Bg2 c6 8. e4
d5 9. exd5 cxd5 10. Ne5 O-O 11. O-O Nc6 12. Qa4 Rc8 13. cxd5 exd5 14. Rfe1 a6
15. Bg5 b5 16. Qd1 h6 17. Bxf6 Bxf6 18. Nxd5 Re8 19. Qh5 Nxe5 20. Nxf6+ Qxf6
21. dxe5 Qb6 22. Bxb7 Qxb7 23. Rad1 Re6 24. Rd6 Qe7 25. Rd5 Qb4 26. Re2 Qc4 27.
Qf3 Qxa2 28. Rd7 Rf8 29. Kg2 Qc4 30. b3 Qc5 31. Rd5 Qc7 32. Qe4 Rfe8 33. f4 f6
34. h4 fxe5 35. fxe5 Qf7 36. Rf2 Qg6 37. Qd4 Kh7 38. Rd6 Qh5 39. Qd3+ Qg6 40.
Qd4 Qh5 41. Rxe6 Rxe6 42. Qe4+ Qg6 43. Rf5 Kg8 44. h5 Qe8 45. b4 Qc8 46. Rf4
Qb8 47. Rf5 Qc8 48. Qf3 Qc2+ 49. Kh3 Qc8 50. Qd5 Kh7 51. Kg2 Qc2+ 52. Rf2 Qc4
53. Qxc4 bxc4 54. Re2 c3 55. Kf3 c2 56. Rxc2 Rxe5 57. Rc5 Re6 58. b5 axb5 59.
Rxb5 g6 1/2-1/2

[Event "Godesberg - Kreuzberg"]
[Site "BL 0203"]
[Date "2003.01.11"]
[Round "8.4"]
[White "Seger, Ruediger"]
[Black "Lau, Ralf"]
[Result "1/2-1/2"]
[WhiteElo "2398"]
[BlackElo "2491"]
[PlyCount "31"]
[EventDate "2003.01.11"]

1. e4 b6 2. d4 Bb7 3. Bd3 e6 4. Nf3 Nf6 5. Qe2 Be7 6. O-O c5 7. c3 d5 8. e5
Nfd7 9. a3 a5 10. Be3 Nc6 11. Nbd2 O-O 12. Rfe1 Re8 13. Bb5 Na7 14. Bd3 Nc6 15.
Bb5 Na7 16. Bd3 1/2-1/2

[Event "Godesberg - Kreuzberg"]
[Site "BL 0203"]
[Date "2003.01.11"]
[Round "8.5"]
[White "Maiwald, Jens-Uwe"]
[Black "Jackelen, Thomas"]
[Result "1-0"]
[WhiteElo "2512"]
[BlackElo "2415"]
[PlyCount "53"]
[EventDate "2003.01.11"]

1. g3 d5 2. Bg2 c6 3. Nf3 Nf6 4. d3 Bg4 5. O-O Nbd7 6. Nbd2 e5 7. h3 Bh5 8. e4
dxe4 9. dxe4 Bc5 10. Qe1 O-O 11. Nc4 Re8 12. a4 Qc7 13. Bg5 h6 14. Bd2 b5 15.
Na5 Bf8 16. Nh4 Nb6 17. b3 Rad8 18. Be3 b4 19. c3 Nbd5 20. exd5 Qxa5 21. dxc6
bxc3 22. g4 Bg6 23. Nxg6 fxg6 24. Qe2 a6 25. b4 Bxb4 26. Qc4+ Kh7 27. Rab1 1-0

[Event "Godesberg - Kreuzberg"]
[Site "BL 0203"]
[Date "2003.01.11"]
[Round "8.6"]
[White "Heinbuch, Detlef"]
[Black "Kalinitschew, Sergey"]
[Result "0-1"]
[WhiteElo "2365"]
[BlackElo "2487"]
[PlyCount "80"]
[EventDate "2003.01.11"]

1. d4 Nf6 2. Nf3 e6 3. c4 b6 4. g3 Ba6 5. b3 Bb7 6. Bg2 Bb4+ 7. Bd2 a5 8. a3
Bxd2+ 9. Nbxd2 c5 10. O-O O-O 11. e3 d6 12. Qc2 Nbd7 13. e4 cxd4 14. Nxd4 Rc8
15. Nb5 Ne8 16. Rfd1 Ba6 17. Qd3 Nc5 18. Qe3 Bxb5 19. cxb5 d5 20. exd5 exd5 21.
Nf3 Nf6 22. Nd4 Re8 23. Qf3 Nce4 24. Nc6 Qd6 25. a4 g6 26. Rac1 Kg7 27. Bh3 Ng5
28. Qg2 Rc7 29. Qf1 Qa3 30. Rb1 Nfe4 31. Bg2 Nc3 32. Bxd5 Nxb1 33. Rxb1 Rd7 34.
Qc4 Qd6 35. Rd1 Qf6 36. Kg2 Ne4 37. Qe2 Nd6 38. Qc2 Nf5 39. Rd3 Re1 40. Rf3
Rxd5 0-1

[Event "Godesberg - Kreuzberg"]
[Site "BL 0203"]
[Date "2003.01.11"]
[Round "8.7"]
[White "Muse, Drazen"]
[Black "Schmidt, Bodo"]
[Result "0-1"]
[WhiteElo "2432"]
[BlackElo "2352"]
[PlyCount "69"]
[EventDate "2003.01.11"]

1. Nf3 d5 2. c4 c6 3. d4 Nf6 4. Nc3 a6 5. g3 dxc4 6. Bg2 b5 7. O-O Bb7 8. e4 e6
9. Qe2 Be7 10. Bg5 h6 11. Bf4 Nbd7 12. Rad1 O-O 13. Rfe1 Re8 14. Ne5 Qc8 15.
Bh3 Nxe5 16. Bxe5 Qd8 17. Bg2 Qb6 18. Qf3 Nd7 19. Bf4 b4 20. Na4 Qa5 21. b3 c3
22. e5 Qd8 23. h4 Bf8 24. Bf1 Qc7 25. Nc5 Nxc5 26. dxc5 Bxc5 27. Bd3 Bf8 28.
Qg4 g6 29. h5 g5 30. Bxg5 hxg5 31. Qe4 f5 32. exf6 Qf7 33. Qe5 Qxh5 34. Bc4 c5
35. Qc7 0-1

[Event "Godesberg - Kreuzberg"]
[Site "BL 0203"]
[Date "2003.01.11"]
[Round "8.8"]
[White "Upleger, Martin"]
[Black "Loeffler, Stefan"]
[Result "1/2-1/2"]
[WhiteElo "2268"]
[BlackElo "2398"]
[PlyCount "49"]
[EventDate "2003.01.11"]

1. e4 Nf6 2. e5 Nd5 3. d4 d6 4. Nf3 dxe5 5. Nxe5 c6 6. Bd3 Nd7 7. Nxd7 Bxd7 8.
O-O g6 9. Re1 Bg7 10. c3 O-O 11. Bg5 Qb6 12. Qc1 c5 13. Be4 Be6 14. Bxd5 Bxd5
15. Bxe7 Rfe8 16. dxc5 Qc6 17. f3 b6 18. Bh4 Qxc5+ 19. Bf2 Qd6 20. Nd2 Be5 21.
Nf1 Bc4 22. Bg3 Qc5+ 23. Bf2 Qd6 24. Bg3 Qc5+ 25. Bf2 1/2-1/2

[Event "Porz - Neukoelln"]
[Site "BL 0203"]
[Date "2003.01.11"]
[Round "8.1"]
[White "Rogozenko, Dorian"]
[Black "Lutz, Christopher"]
[Result "0-1"]
[WhiteElo "2520"]
[BlackElo "2655"]
[PlyCount "96"]
[EventDate "2003.01.11"]

1. Nf3 Nf6 2. c4 e6 3. Nc3 c5 4. g3 b6 5. Bg2 Bb7 6. O-O Be7 7. d4 cxd4 8. Qxd4
d6 9. b3 O-O 10. Rd1 Nbd7 11. e4 Qc8 12. Bb2 a6 13. h3 Re8 14. Rac1 Qc7 15. Qe3
Rac8 16. Re1 Bf8 17. e5 dxe5 18. Nxe5 Bxg2 19. Kxg2 Nxe5 20. Qxe5 Qc6+ 21. Kg1
Red8 22. Rcd1 h6 23. Rd4 Rxd4 24. Qxd4 b5 25. cxb5 axb5 26. a3 Bxa3 27. Ne4 Be7
28. Rc1 Qa8 29. Rxc8+ Qxc8 30. b4 Qc2 31. Nc5 Bf8 32. Kf1 Qf5 33. h4 Qd5 34.
Qxd5 Nxd5 35. Ba3 Bd6 36. Ke2 Kf8 37. Kd3 Ke7 38. Kd4 f5 39. Nd3 Kf6 40. Nc5
Be5+ 41. Kd3 Ke7 42. Ke2 Bc3 43. Nd3 e5 44. f3 Kd6 45. g4 fxg4 46. fxg4 e4 47.
Nc5 Ke5 48. Na6 Nf4+ 0-1

[Event "Porz - Neukoelln"]
[Site "BL 0203"]
[Date "2003.01.11"]
[Round "8.2"]
[White "Sokolov, Ivan"]
[Black "Slobodjan, Roman"]
[Result "1-0"]
[WhiteElo "2677"]
[BlackElo "2521"]
[PlyCount "71"]
[EventDate "2003.01.11"]

1. d4 Nf6 2. c4 e6 3. Nc3 Bb4 4. Qc2 b6 5. e4 Bb7 6. Bd3 c5 7. d5 d6 8. Nge2
Nbd7 9. a3 Bxc3+ 10. Nxc3 Ne5 11. Be2 Ng6 12. f4 O-O 13. h4 Re8 14. h5 Nf8 15.
h6 g6 16. O-O N6d7 17. Nb5 Qb8 18. dxe6 Rxe6 19. Bd3 Re7 20. f5 Ne5 21. Bg5 Re8
22. Rad1 a6 23. Nc3 Nfd7 24. fxg6 hxg6 25. Qf2 Kh7 26. Be2 Bc6 27. Bg4 Ra7 28.
Bxd7 Rxd7 29. Qf6 Rg8 30. Qxe5 dxe5 31. Rxd7 Rf8 32. Rfxf7+ Rxf7 33. Rxf7+ Kg8
34. Rg7+ Kh8 35. Nd5 Qd6 36. Nf6 1-0

[Event "Porz - Neukoelln"]
[Site "BL 0203"]
[Date "2003.01.11"]
[Round "8.5"]
[White "Borriss, Martin"]
[Black "Gurevich, Mikhail"]
[Result "0-1"]
[WhiteElo "2439"]
[BlackElo "2649"]
[PlyCount "80"]
[EventDate "2003.01.11"]

1. e4 d6 2. d4 Nf6 3. Nc3 g6 4. f4 Bg7 5. Nf3 c5 6. Bb5+ Bd7 7. e5 Ng4 8. e6
Bxb5 9. exf7+ Kd7 10. Nxb5 Qa5+ 11. Nc3 cxd4 12. Nxd4 h5 13. Qf3 Nc6 14. Nde2
Raf8 15. h3 Nh6 16. Be3 Nf5 17. Bf2 Rxf7 18. O-O Qa6 19. a4 Rc8 20. Nb5 Bxb2
21. Rab1 Bg7 22. Nxa7 Nxa7 23. Qxb7+ Qxb7 24. Rxb7+ Ke8 25. Rxa7 e6 26. Rxf7
Kxf7 27. c3 Ra8 28. Ra1 Ne7 29. a5 Ra6 30. Ra3 Bf6 31. c4 Nc6 32. Bb6 Ke8 33.
Rg3 Nxa5 34. Bxa5 Rxa5 35. Rxg6 Kf7 36. Rg3 Ra2 37. Kf1 Ra1+ 38. Kf2 Bh4 39.
Kf3 Ra3+ 40. Kf2 Rd3 0-1

[Event "Porz - Neukoelln"]
[Site "BL 0203"]
[Date "2003.01.11"]
[Round "8.6"]
[White "Hansen, Curt"]
[Black "Poldauf, Dirk"]
[Result "1-0"]
[WhiteElo "2625"]
[BlackElo "2410"]
[PlyCount "65"]
[EventDate "2003.01.11"]

1. d4 Nf6 2. c4 g6 3. Nf3 Bg7 4. g3 O-O 5. Bg2 d6 6. O-O Nbd7 7. Nc3 e5 8. e4
exd4 9. Nxd4 Re8 10. Re1 a5 11. h3 Nc5 12. Nb3 Nfd7 13. Be3 Ne5 14. Nxc5 dxc5
15. Qe2 Be6 16. Rad1 Qc8 17. Nd5 Bxh3 18. Bxc5 Bxg2 19. Kxg2 Nc6 20. f4 b6 21.
Bf2 a4 22. Qf3 Qb7 23. e5 Na5 24. b4 axb3 25. axb3 c5 26. Re2 Re6 27. Nc7 Qxf3+
28. Kxf3 Rae8 29. Nxe8 Rxe8 30. Rd6 Nxb3 31. Rxb6 Na5 32. Rc2 Bf8 33. Be1 1-0

[Event "Porz - Neukoelln"]
[Site "BL 0203"]
[Date "2003.01.11"]
[Round "8.7"]
[White "Thiede, Lars"]
[Black "Graf, Alexander"]
[Result "0-1"]
[WhiteElo "2416"]
[BlackElo "2624"]
[PlyCount "106"]
[EventDate "2003.01.11"]

1. c4 e5 2. g3 Nf6 3. Bg2 d5 4. cxd5 Nxd5 5. Nf3 Nc6 6. O-O Nb6 7. d3 Be7 8.
Nbd2 O-O 9. a3 a5 10. b3 Be6 11. Bb2 f6 12. Qc2 Qd7 13. e3 Rfd8 14. d4 exd4 15.
Nxd4 Nxd4 16. Bxd4 c5 17. Bxc5 Rac8 18. b4 Nd5 19. Nb3 b6 20. e4 Nxb4 21. axb4
axb4 22. Rfd1 Qc7 23. Rxd8+ Rxd8 24. Bf1 Bxc5 25. Rc1 Qd7 26. Bc4 Bf8 27. Nd4
Bxc4 28. Qxc4+ Qf7 29. Ne6 Rd6 30. Nxf8 Rd1+ 31. Kg2 Rxc1 32. Qxc1 Kxf8 33.
Qc8+ Qe8 34. Qc4 Qe7 35. Qd5 b3 36. f3 Qb4 37. Qd8+ Kf7 38. Qd7+ Qe7 39. Qd4
Qc5 40. Qd7+ Kg6 41. h4 h5 42. g4 hxg4 43. fxg4 b2 44. Qd3 Qe5 45. Kf3 Kh7 46.
h5 b5 47. Qb3 Qd4 48. Qc2 Qe5 49. Qb3 Kh6 50. Qb4 Qh2 51. Qxb5 Qh1+ 52. Kg3
b1=Q 53. g5+ Kxh5 0-1

[Event "Porz - Neukoelln"]
[Site "BL 0203"]
[Date "2003.01.11"]
[Round "8.8"]
[White "Van den Doel, Erik"]
[Black "Rudolf, Henrik"]
[Result "1-0"]
[WhiteElo "2602"]
[BlackElo "2348"]
[PlyCount "38"]
[EventDate "2003.01.11"]

1. e4 g6 2. d4 Bg7 3. Nc3 d6 4. Be3 a6 5. Qd2 Nd7 6. h4 h6 7. f4 h5 8. Nf3 e5
9. dxe5 dxe5 10. O-O-O exf4 11. Bxf4 Ne7 12. e5 O-O 13. e6 fxe6 14. Bc4 Qe8 15.
Bxe6+ Kh8 16. Rhe1 Nc5 17. Bxc8 Rxc8 18. Be5 Bxe5 19. Rxe5 b6 1-0

[Event "Erfurt - Baden Oos"]
[Site "BL 0203"]
[Date "2003.01.11"]
[Round "8.1"]
[White "Svidler, Peter"]
[Black "Luther, Thomas"]
[Result "1/2-1/2"]
[WhiteElo "2690"]
[BlackElo "2538"]
[PlyCount "77"]
[EventDate "2003.01.11"]

1. e4 e6 2. d4 d5 3. e5 c5 4. c3 Nc6 5. Nf3 Nge7 6. Na3 cxd4 7. cxd4 Nf5 8. Nc2
Nb4 9. Be2 Nxc2+ 10. Qxc2 Qa5+ 11. Bd2 Bb4 12. a3 Bxd2+ 13. Qxd2 Qxd2+ 14. Kxd2
Bd7 15. Rac1 Ne7 16. h4 Nc6 17. h5 h6 18. Rh4 O-O 19. b4 Rac8 20. Bd3 Ne7 21.
Rhh1 Rxc1 22. Rxc1 Rc8 23. Rc5 b6 24. Rxc8+ Nxc8 25. b5 Ne7 26. a4 Be8 27. Nh4
f6 28. g4 f5 29. gxf5 Bxh5 30. fxe6 g5 31. Nf5 Nxf5 32. Bxf5 Kf8 33. Bc2 Ke7
34. Ke3 Kxe6 35. f4 gxf4+ 36. Kxf4 Be2 37. Kg3 Ke7 38. Kh4 Bf3 39. Kg3 1/2-1/2

[Event "Erfurt - Baden Oos"]
[Site "BL 0203"]
[Date "2003.01.11"]
[Round "8.2"]
[White "Haba, Petr"]
[Black "Dautov, Rustem"]
[Result "0-1"]
[WhiteElo "2534"]
[BlackElo "2617"]
[PlyCount "80"]
[EventDate "2003.01.11"]

1. e4 c6 2. d4 d5 3. e5 Bf5 4. Be3 e6 5. Nd2 Nd7 6. c3 f6 7. f4 Qb6 8. Qb3 g5
9. exf6 g4 10. f7+ Kxf7 11. Ne2 Ngf6 12. Ng3 Qxb3 13. axb3 Bd6 14. Nxf5 exf5
15. Bd3 Kg6 16. Kf2 a6 17. h4 Nh5 18. g3 Rhe8 19. Rhe1 Re7 20. Nf1 Ndf6 21. Bd2
Rae8 22. Rxe7 Rxe7 23. b4 Ne4+ 24. Bxe4 Rxe4 25. Re1 Nf6 26. Rxe4 Nxe4+ 27. Ke2
b6 28. Be1 a5 29. bxa5 bxa5 30. b3 Kf7 31. Kd3 Ke6 32. Ne3 Be7 33. Nf1 c5 34.
c4 cxd4 35. Kxd4 Bf6+ 36. Kd3 Nc5+ 37. Kc2 dxc4 38. bxc4 a4 39. Bb4 Ne4 40. Ba3
Bd4 0-1

[Event "Erfurt - Baden Oos"]
[Site "BL 0203"]
[Date "2003.01.11"]
[Round "8.3"]
[White "Huebner, Robert Dr"]
[Black "Votava, Jan"]
[Result "1-0"]
[WhiteElo "2640"]
[BlackElo "2518"]
[PlyCount "155"]
[EventDate "2003.01.11"]

1. d4 Nf6 2. c4 g6 3. g3 Bg7 4. Bg2 O-O 5. Nc3 c6 6. e4 d6 7. Nf3 Bg4 8. Be3
Nbd7 9. h3 Bxf3 10. Qxf3 e5 11. Rd1 Qb6 12. dxe5 Nxe5 13. Bxb6 Nxf3+ 14. Bxf3
axb6 15. Rxd6 Ne8 16. Rd7 Be5 17. O-O Nd6 18. Rc1 Nxc4 19. b3 Nd6 20. Na4 b5
21. Nc5 Rfd8 22. Rd1 b4 23. h4 b6 24. Rxd8+ Rxd8 25. Nd3 Bc3 26. e5 Nf5 27.
Bxc6 Bxe5 28. Be4 Ng7 29. Rc1 Bc3 30. Nf4 Rd2 31. Nd5 f5 32. Nxc3 bxc3 33. Bf3
Rxa2 34. Rxc3 Kf7 35. Rc7+ Kf6 36. Bd5 Ke5 37. Bc4 Nh5 38. Rxh7 Nf6 39. Re7+
Kd4 40. Re6 Ng4 41. Rxg6 Nxf2 42. h5 Ng4 43. h6 Ra7 44. Be2 Ra1+ 45. Bf1 Ra8
46. Bh3 Ra1+ 47. Kg2 Ra2+ 48. Kf1 Ra1+ 49. Ke2 Ra2+ 50. Ke1 Ne5 51. Rd6+ Ke3
52. Kd1 Nf3 53. h7 Ra8 54. Rh6 Nd4 55. Kc1 Rh8 56. Kb2 Kf3 57. Rh5 Kxg3 58.
Bxf5 Nxf5 59. Rxf5 Rxh7 60. Ka3 Kg4 61. Rf6 Rb7 62. Kb4 Kg5 63. Rf8 b5 64. Kc5
b4 65. Kc6 Re7 66. Kb5 Rb7+ 67. Kc5 Rc7+ 68. Kxb4 Rb7+ 69. Kc3 Rc7+ 70. Kb2 Rb7
71. Rf1 Rb8 72. Kc3 Rc8+ 73. Kd4 Rb8 74. Kc4 Rc8+ 75. Kd5 Rb8 76. Rb1 Kf6 77.
b4 Ke7 78. Kc6 1-0

[Event "Erfurt - Baden Oos"]
[Site "BL 0203"]
[Date "2003.01.11"]
[Round "8.4"]
[White "Casper, Thomas"]
[Black "Doettling, Fabian"]
[Result "0-1"]
[WhiteElo "2391"]
[BlackElo "2539"]
[PlyCount "150"]
[EventDate "2003.01.11"]

1. e4 c6 2. d4 d5 3. Nc3 dxe4 4. Nxe4 Bf5 5. Ng3 Bg6 6. N1e2 e6 7. Nf4 Qc7 8.
h4 Bd6 9. Nxg6 hxg6 10. Ne4 Bf4 11. g3 Bxc1 12. Qxc1 Ne7 13. Qd2 Nf5 14. O-O-O
Nd7 15. Bh3 O-O-O 16. c3 Nb6 17. Qc2 Nd5 18. Rhe1 Kb8 19. Kb1 Rhe8 20. Nc5 Qb6
21. Nd3 Nd6 22. Qb3 Re7 23. Bg2 Nf6 24. Re2 Rc7 25. Qa3 Qb5 26. Qc5 Nc4 27.
Qxb5 cxb5 28. Ne5 b4 29. cxb4 Nxe5 30. Rxe5 Rcd7 31. a3 Rxd4 32. Rxd4 Rxd4 33.
Kc2 b6 34. Re2 Kc7 35. Kc3 Rd1 36. Kc2 Rd6 37. Re3 Ng4 38. Re2 Nh6 39. Kc3 Nf5
40. Re4 Rd1 41. Re2 Kd6 42. Bf3 Rc1+ 43. Kd2 Rf1 44. Bg2 Rg1 45. Ba8 e5 46. Kc3
Nd4 47. Rd2 f5 48. Kd3 Ke6 49. Bb7 Kf6 50. Bd5 g5 51. hxg5+ Kxg5 52. Ba8 Kg4
53. Kc4 Rc1+ 54. Kd5 Nf3 55. Rd3 Rc2 56. Ke6 Rxf2 57. Rd7 g5 58. Rxa7 e4 59.
Re7 e3 60. Kf6 e2 61. Bxf3+ Kxf3 62. Kxf5 Rf1 63. Kxg5 e1=Q 64. Rxe1 Rxe1 65.
g4 Re4 66. Kf5 Rxg4 67. Ke5 Rg2 68. Kd5 Rxb2 69. Kc6 Ke4 70. b5 Ra2 71. Kxb6
Kd5 72. Kc7 Rh2 73. a4 Kc5 74. Kb7 Rh6 75. Ka7 Rb6 0-1